000 00686nam a2200253Ia 4500
001 Para_275
003 CHAP
008 220125s1994 xx 000 0 und d
010 _a199031
040 _cCHAP
090 _aPA FOLLETO 3196
100 _aGarcia de la Rosa, Jose
_945907
245 _aLos postulados de Koch /
_c por Jose Garcia de la Rosa
260 _aChapingo, Méx. :
_b PFIZER. División agrícola
300 _a4 p.
650 _aMicrobiología
_x historia
_975494
901 _aPA FOLLETO 3196
902 _aA
905 _a0000001994 0000000000 00
910 _a1994
942 _cPARA
942 _cPARA
_d1
999 _c199031
_d199031